Formula 1 Grand Prixs - Bridesmaids, never the Bride - 2000s & 2010s - Statistics

General Stats
  • This quiz has been taken 620 times
    554 since last reset
  • The average score is 11 of 15
Answer Stats
No. of Podiums Nationality Podium Years DRIVER % Correct
8 Mexico 2012, 2014-16, 2018 Sergio Perez
98%
3 Russia 2015-16, 2019 Daniil Kvyat
91%
1 Denmark 2014 Kevin Magnussen
91%
1 Canada 2017 Lance Stroll
90%
1 France 2019 Pierre Gasly
87%
10 France 2012-13, 2015 Romain Grosjean
81%
1 Japan 2012 Kamui Kobayashi
79%
13 Germany 2005-09, 2011 Nick Heidfeld
79%
1 Russia 2011 Vitaliy Petrov
74%
1 Japan 2004 Takuma Sato
72%
1 Spain 2006 Pedro de la Rosa
62%
3 Germany 2008-09 Timo Glock
56%
1 Portugal 2005 Tiago Monteiro
54%
1 Brazil 2008 Nelson Piquet Jr.
53%
1 Mexico 2019 Carlos Sainz Jr.
43%
No matching quizzes found
Score Distribution
Percent of People with Each Score
Percentile by Number Answered
Your Score History
You have not taken this quiz since the last reset